00411nam a2200145Ia 4500100002000000942000700020654001600027245004200043260002900085082001800114300000800132546001200140999001700152952009600169 aGraham/Frank D  cBK aelectronics aAudels Power Plant Engineers Guide bTaraporevala Sonsc1963 a621.3121bGRA a964 aENGLISH c27999d27999 001040708CRCaCRCEbCRCEd2023-03-17l0o621.3121 GRAp11103r2023-03-17w2023-03-17yBK